000 00960nas a2200289 4500
001 BR2013000977
003 BR-BrBNA
005 20231205121907.0
007 ta
008 230509b bl.|||p| |||| 00| 00por d
040 _aBR-BrBNA
_bpor
_cBiblioteca Nacional de Agricultura
041 _a(Pt)
072 _aQ04
100 1 _aSilva, P.T.
100 1 _aFialho, E.
100 1 _aLopes, M.L.M.
100 1 _aValente-Mesquita, V.L.
245 1 _aSucos de laranja industrializados e preparados sólidos para refrescos: estabilidade química e físico-química
650 _aSUCO DE FRUTA
650 _aANÁLISE DE ALIMENTO
650 _aPROPRIEDADE FÍSICO-QUÍMICA
650 _aVITAMINA C
773 0 _tCiência e Tecnologia de Alimentos (Brazil)
_xISSN 1678-457X
_g(Jul-Sep 2005), V. 25(3) p. 597-602
_wBR2013000977
856 4 0 _uhttp://www.scielo.br/pdf/cta/v25n3/27033.pdf
909 _a202311
_bLúcia
_c55
_dLúcia Elande
942 _2AGRIS
_n0
_cANA
999 _c225798
_d225798